|
|
|
|
| LEADER |
00857nam a2200253 4500 |
| 001 |
DLU210196011 |
| 005 |
##20210406 |
| 040 |
# |
# |
|a DLU
|b vie
|
| 041 |
# |
# |
|a vie
|
| 044 |
# |
# |
|a vn
|
| 100 |
# |
# |
|a Phan Hoàng Ngọc.
|
| 245 |
# |
# |
|a Cơ chế quản trị của Công ty trong việc bảo vệ cổ đông theo pháp luật doanh nghiệp Việt Nam /
|c Phan Hoàng Ngọc.
|
| 653 |
# |
# |
|a Công ty cổ phần
|
| 653 |
# |
# |
|a Cổ đông
|
| 653 |
# |
# |
|a Luật Doanh nghiệp năm 2014
|
| 773 |
# |
# |
|t Nghề luật
|g Số 6, 2016, tr. 18-21
|
| 920 |
# |
# |
|a Phòng Tạp chí -- Trung tâm Thông tin - Thư viện Trường Đại học Đà Lạt
|
| 900 |
# |
# |
|a True
|
| 911 |
# |
# |
|a Nguyễn Thị Thu Phương
|
| 925 |
# |
# |
|a G
|
| 926 |
# |
# |
|a A
|
| 927 |
# |
# |
|a BB
|
| 980 |
# |
# |
|a Thư viện Trường Đại học Đà Lạt
|